000 01280nam a2200289 a 4500
001 41851
003 BD-RjUL
005 20211209053447.0
008 160606s1984 dcu | 100 0 eng
020 _a0935328211 (pbk.)
035 _a(BD-RjUL)41969
040 _aDLC
_cDLC
_dOCoLC
_d(BD-RjUL)
_beng
041 _aeng
082 0 0 _a342.085
_a342.285
_219
_bHUM 1984
245 0 0 _aHuman rights law and the Reagan administration, 1981-1983 /
_cedited by Andrew James Samet.
260 _aWashington, DC :
_bInternational Law Institute,
_cc1984
300 _ax, 136 p. ;
_c23 cm.
500 _aBased on papers prepared for a Human Rights Law Symposium held at the Georgetown University Law Center, March 22, 1983. It was jointly sponsored by the International Law Institute and the Georgetown Jewish Law Students Association.
504 _aIncludes bibliographical references.
650 0 _aCivil rights
_xCongresses.
_9128558
650 0 _aHuman rights
_xCongresses.
_9128559
650 0 _aCivil rights
_zUnited States
_xCongresses.
_9128560
651 0 _aUnited States
_xForeign relations
_y1981-1989
_xCongresses.
_9128561
700 1 _aSamet, Andrew James.
_9128562
711 2 _aHuman Rights Law Symposium
_d(1983 :
_cGeorgetown University. Law Center)
_9128563
942 _2ddc
_cBK
999 _c41851
_d41851